000 00509nam a2200181Ia 4500
003 GCL
008 140319s9999 xx 000 0 ara d
040 _aGCL /
_cGCL
082 0 4 _a398.042
_bف ق
100 1 _aفتوح احمد فرج
245 1 0 _aالقصص الشعبى فى الدقهلية /
_cفتوح احمد فرج
300 _a413 ص
490 _a
650 0 4 _aالادب الشعبى
650 0 4 _aالقصص الشعبية
650 0 4 _aالفولكلور الشعبى
942 _2ddc
_cBK
999 _c41188
_d41188